Plus grandes villes de France comportant un K - Statistiques

Statistiques générales
  • Ce quiz a été pris 31 fois
  • Le résultat moyen est 4 sur 8
Statistiques - réponses
Population Département Ville % Correct
87 000 59 Dunkerque
96%
24 500 973 Kourou
71%
27 000 67 Illkirch-Graffenstaden
50%
24 500 94 Le Kremlin-Bicêtre
50%
21 500 59 Hazebrouck
46%
30 000 92 Malakoff
36%
21 000 59 Coudekerque-Branche
25%
32 000 976 Koungou
21%
Aucun quiz correspondant
Distribution des résultats
% des personnes avec chaque résultat
Percentile par nombre de réponses
Votre historique - résultats
Vous n’avez pas pris ce quiz